Un bobo hace ciento (Record no. 165533)

MARC details
000 -LEADER
campo de control de longitud fija 00782nam a2200205 i 4500
001 - NÚMERO DE CONTROL
campo de control 165533
003 - IDENTIFICADOR DE NÚMERO DE CONTROL
campo de control ES-MaACL
005 - FECHA Y HORA DE LA ÚLTIMA TRANSACCIÓN
campo de control 20250930063146.0
008 - DATOS DE LONGITUD FIJA--INFORMACIÓN GENERAL
campo de control de longitud fija 991028s1763 sp |||| | spa d
040 ## - FUENTE DE CATALOGACIÓN
Centro catalogador/agencia de origen CLM
Lengua de catalogación spa
Centro/agencia transcriptor CLM
100 0# - ENTRADA PRINCIPAL--NOMBRE DE PERSONA
Nombre de persona Solís, Antonio de,
Fechas asociadas al nombre 1610-1686
9 (RLIN) 107210
245 13 - MENCIÓN DEL TÍTULO
Título Un bobo hace ciento
Resto del título : comedia famosa /
Mención de responsabilidad, etc. de don Antonio de Solis.
260 ## - PUBLICACIÓN, DISTRIBUCIÓN, ETC.
Lugar de publicación, distribución, etc. En Valencia :
Nombre del editor, distribuidor, etc. en la Imprenta de la Viuda de Joseph de Orga ... donde se hallarà ...,
Fecha de publicación, distribución, etc. 1763.
300 ## - DESCRIPCIÓN FÍSICA
Extensión 32 p. ;
Dimensiones 4º.
596 ## - NOTA AL PIE DE IMPRENTA
NOTA AL PIE DE IMPRENTA Pie de imp. tomado de colofón.
597 ## - NOTA DE DESCRIPCIÓN FÍSICA
NOTA DE DESCRIPCIÓN FÍSICA Sign.: A-D4.
597 ## - NOTA DE DESCRIPCIÓN FÍSICA
NOTA DE DESCRIPCIÓN FÍSICA En el margen superior izquierdo de p. 1 consta: "N. 60"
852 ## - LOCALIZACIÓN
Ubicación ES-MaACL
Número de control de estantería R-3037-44
Encuadernación Olim:T-1431
Nota libre -- Enc. pasta española grab. con hierros
Holdings
Estatus retirado Estado de pérdida Estado de daño No para préstamo Colección Biblioteca de origen Biblioteca actual Ubicación en estantería Fecha de adquisición Total de préstamos Signatura topográfica completa Código de barras Visto por última vez Precio de reemplazo Tipo de ítem Koha
        Libros del s. XVIII Biblioteca del Ateneo de Madrid Biblioteca del Ateneo de Madrid Depósito 17/01/2008   R-3037-44 1173593 23/02/2023 23/02/2023 Libro impreso antiguo